El pequeño libro de los derechos, los deberes y las virtudes/ (Registro nro. 7798)

Detalles MARC
000 -LEADER
fixed length control field 00822nam a2200205Ia 4500
005 - FECHA Y HORA DE LA ÚLTIMA TRANSACCIÓN
control field 20230416125323.0
008 - FIXED-LENGTH DATA ELEMENTS--GENERAL INFORMATION
fixed length control field 230416s9999 xx 000 0 und d
040 ## - CATALOGING SOURCE
Original cataloging agency UPAN
Transcribing agency Biblioteca San Vicente
Description conventions RCAA2
041 ## - LANGUAGE CODE
Language code of text/sound track or separate title spa
082 ## - DEWEY DECIMAL CLASSIFICATION NUMBER
Classification number 323.01
Item number M454p
100 ## - MAIN ENTRY--PERSONAL NAME
Personal name Melendez, Florentin.
Relator code aut.
245 #0 - TITLE STATEMENT
Title El pequeño libro de los derechos, los deberes y las virtudes/
Statement of responsibility, etc Florentín Meléndez
250 ## - EDITION STATEMENT
Edition statement 1° ed.
260 ## - PUBLICATION, DISTRIBUTION, ETC. (IMPRINT)
Place of publication, distribution, etc El Salvador:
Name of publisher, distributor, etc s.n.,
Date of publication, distribution, etc 2000
300 ## - PHYSICAL DESCRIPTION
Extent 106 p.:
Other physical details fot.,
Dimensions 28 cm.
520 ## - SUMMARY, ETC.
Summary, etc Primera parte: Los derechos humanos y los deberes<br/>Segunda parte: Los derechos de la niñez<br/>Tercera parte: Los deberes de la niñez<br/>Cuarta parte: El significado de las virtudes<br/>Quinta parte: preguntas y ejercicios
650 ## - SUBJECT ADDED ENTRY--TOPICAL TERM
Source of heading or term LEMB
Topical term or geographic name as entry element Valores sociales
650 ## - SUBJECT ADDED ENTRY--TOPICAL TERM
Source of heading or term LEMB
Topical term or geographic name as entry element Niños
General subdivision Derechos
942 ## - ADDED ENTRY ELEMENTS (KOHA)
Koha item type Libros
Source of classification or shelving scheme Dewey Decimal Classification
Existencias
Withdrawn status Lost status Source of classification or shelving scheme Damaged status Not for loan Collection code Home library Current library Date acquired Total Checkouts Full call number Barcode Date last seen Price effective from Koha item type
    Dewey Decimal Classification     Colección General Biblioteca UPAN San Vicente Biblioteca UPAN San Vicente 16/04/2023   323.01 M454p 12000357 16/04/2023 16/04/2023 Libros